La damnation de Faust (Record no. 170381)

MARC details
000 -LEADER
campo de control de longitud fija 00662nam a22001815i 4500
001 - NÚMERO DE CONTROL
campo de control 170381
003 - IDENTIFICADOR DE NÚMERO DE CONTROL
campo de control ES-MaACL
005 - FECHA Y HORA DE LA ÚLTIMA TRANSACCIÓN
campo de control 20230906214354.0
008 - DATOS DE LONGITUD FIJA--INFORMACIÓN GENERAL
campo de control de longitud fija 090227s1903 fr |||| | fre d
080 ## - NÚMERO DE LA CLASIFICACIÓN DECIMAL UNIVERSAL
Número de la Clasificación Decimal Universal 782.1
100 1# - ENTRADA PRINCIPAL--NOMBRE DE PERSONA
Nombre de persona Berlioz, Hector.
9 (RLIN) 28067
245 13 - MENCIÓN DEL TÍTULO
Título La damnation de Faust
Resto del título : légende dramatique en quatre parties /
Mención de responsabilidad, etc. texte et musique de Hector Berlioz.
260 ## - PUBLICACIÓN, DISTRIBUCIÓN, ETC.
Lugar de publicación, distribución, etc. Paris :
Nombre del editor, distribuidor, etc. Costallat,
Fecha de publicación, distribución, etc. [1903?]
300 ## - DESCRIPCIÓN FÍSICA
Extensión 47 p. ;
Dimensiones 19 cm.
650 14 - PUNTO DE ACCESO ADICIONAL DE MATERIA--TÉRMINO DE MATERIA
Término de materia o nombre geográfico como elemento de entrada Óperas-
Subdivisión de forma Libretos.
9 (RLIN) 137584
852 ## - LOCALIZACIÓN
Ubicación ES-MaACL
Número de control de estantería 2250-F-22
itemnumber R.141018
Nota libre .- Biblioteca Jacinto Martínez Lacalle
852 ## - LOCALIZACIÓN
Ubicación ES-MaACL
Número de control de estantería 2250-F-23
itemnumber R.141019
Nota libre .- Biblioteca Jacinto Martínez Lacalle
Holdings
Estatus retirado Estado de pérdida Estado de daño No para préstamo Colección Biblioteca de origen Biblioteca actual Ubicación en estantería Fecha de adquisición Fuente de adquisición Total de préstamos Signatura topográfica completa Código de barras Visto por última vez Precio de reemplazo Tipo de ítem Koha
        Colección de folletos Biblioteca del Ateneo de Madrid Biblioteca del Ateneo de Madrid Depósito folletos 27/02/2009     2250-F-23 1178869 23/02/2023 23/02/2023 Folleto
        Colección de folletos Biblioteca del Ateneo de Madrid Biblioteca del Ateneo de Madrid Depósito folletos 27/02/2009     2250-F-22 1178868 23/02/2023 23/02/2023 Folleto